| 000 | 00601nam a2200205Ia 4500 | ||
|---|---|---|---|
| 005 | 20250923145545.0 | ||
| 008 | 008 250917s9999 xx 000 0 eng d | ||
| 037 | _aTextual | ||
| 040 |
_aDSWL _beng _cDSWL |
||
| 041 |
_aeng _2eng |
||
| 084 |
_aY11:7:(S), N76 _qDSWL |
||
| 100 |
_aDinnerstein, D. _9836566 |
||
| 245 | 4 |
_aThe Rocking of the cradle, and the ruling of the world _c by D.Dinnerstein |
|
| 260 |
_aLondon _bSouvenir Press _c1976 |
||
| 300 | _axv,288p. | ||
| 365 |
_aGBP _b2.95 |
||
| 925 | _g2.95 | ||
| 942 |
_cTEXL _hY11:7:(S), N76 |
||
| 999 |
_c1452815 _d1452815 |
||